Discourses on education/ (Record no. 142440)
[ view plain ]
| 000 -LEADER | |
|---|---|
| fixed length control field | 00566nam a22001937a 4500 |
| 005 - DATE AND TIME OF LATEST TRANSACTION | |
| control field | 20170711160743.0 |
| 010 ## - LCCN (DPL NO) | |
| LC control number | ENG-119155 |
| 020 ## - INTERNATIONAL STANDARD BOOK NUMBER | |
| Terms of availability | 795.00 |
| International Standard Book Number | 9789382524175 |
| 035 ## - SYSTEM CONTROL NUMBER | |
| System control number | EN-102687 |
| 037 ## - SOURCE OF ACQUISITION | |
| Source of stock number/acquisition | DBAD/PUB |
| 082 ## - DEWEY DECIMAL CLASSIFICATION NUMBER | |
| Classification number | 379 |
| 245 ## - TITLE STATEMENT | |
| Title | Discourses on education/ |
| Statement of responsibility, etc | edited by Veena kapur |
| 260 ## - PUBLICATION, DISTRIBUTION, ETC. (IMPRINT) | |
| Place of publication, distribution, etc | New Delhi |
| Name of publisher, distributor, etc | The Book Line |
| Date of publication, distribution, etc | 2014 |
| 270 ## - ADDRESS | |
| Address | 106,4787/23,Ist Floor,Ansari Road |
| City | New Delhi |
| Postal code | 110002 |
| 300 ## - PHYSICAL DESCRIPTION | |
| Extent | vii,108p. : |
| Dimensions | 22cm(Hb) |
| Other physical details | ill. |
| 500 ## - GENERAL NOTE | |
| General note | Includes references |
| 700 ## - ADDED ENTRY--PERSONAL NAME | |
| Personal name | kapur,Veena |
| 942 ## - ADDED ENTRY ELEMENTS (KOHA) | |
| Source of classification or shelving scheme | Dewey Decimal Classification |
| Item type | English Books |
| Classification part | 379 |
| Call number suffix | DIS |
| Withdrawn status | Lost status | Not for loan | Collection code | Home library | Current library | Date acquired | Source of acquisition | Cost, normal purchase price | Full call number | Barcode | Copy number | Cost, replacement price | Koha item type |
|---|---|---|---|---|---|---|---|---|---|---|---|---|---|
| Not For Loan | Non-fiction | D.B.Act.Division | Bawana | 11/07/2017 | DBAD/PUB | 795.00 | 379 DIS | EN-102687 | 1 | 795.00 | English Books |
